000 00534nam a2200193 a 4500
001 1769935627726
003 YourLibrary
005 20260201143129.0
008 260201s2009##################000#0#eng##
020 _a9780521767309
082 0 4 _a332.10681
_bQUA
100 1 _aQuagliariello, Mario,
_eauthor.
245 1 0 _aStress-testing the Banking System :
260 _bCambridge University Press,
_c2009.
300 _a354 pages
650 0 _aBusiness & Economics.
942 _cENGLISH
040 _aYourLibrary
_beng
_cYourLibrary
999 _c609700
_d609700